Eastern Utah Libraries Catalog: Duchesne, Heber, Roosevelt, & Vernal

I dream of Joni : (Record no. 404437)

MARC details
000 -LEADER
fixed length control field 01719cam a2200421 i 4500
001 - CONTROL NUMBER
control field on1432445302
003 - CONTROL NUMBER IDENTIFIER
control field OCoLC
005 - DATE AND TIME OF LATEST TRANSACTION
control field 20250212161724.0
008 - FIXED-LENGTH DATA ELEMENTS--GENERAL INFORMATION
fixed length control field 240430s2025 nyu e b 000 0deng
010 ## - LIBRARY OF CONGRESS CONTROL NUMBER
LC control number 2024020267
020 ## - INTERNATIONAL STANDARD BOOK NUMBER
International Standard Book Number 9781668019504
Qualifying information (hardcover)
020 ## - INTERNATIONAL STANDARD BOOK NUMBER
International Standard Book Number 1668019507
Qualifying information (hardcover)
020 ## - INTERNATIONAL STANDARD BOOK NUMBER
International Standard Book Number 9781668019511
Qualifying information (paperback)
020 ## - INTERNATIONAL STANDARD BOOK NUMBER
International Standard Book Number 1668019515
Qualifying information (paperback)
035 ## - SYSTEM CONTROL NUMBER
System control number (OCoLC)1432445302
035 ## - SYSTEM CONTROL NUMBER
System control number 1810424
040 ## - CATALOGING SOURCE
Original cataloging agency DLC
Language of cataloging eng
Description conventions rda
Transcribing agency DLC
Modifying agency OCLCO
-- BDX
-- YDX
-- IG#
-- TOH
-- OCLCO
-- RNL
-- IK2
-- IUK
-- NYP
-- OCLCO
042 ## - AUTHENTICATION CODE
Authentication code pcc
092 ## - LOCALLY ASSIGNED DEWEY CALL NUMBER (OCLC)
Classification number general nonfiction
Item number 92 Mitchell, Joni
100 1# - MAIN ENTRY--PERSONAL NAME
Personal name Alford, Henry,
Dates associated with a name 1962-
Relator term author.
9 (RLIN) 6300931
245 10 - TITLE STATEMENT
Title I dream of Joni :
Remainder of title a portrait of Joni Mitchell in 53 snapshots /
Statement of responsibility, etc Henry Alford.
250 ## - EDITION STATEMENT
Edition statement First Gallery Books hardcover edition.
264 #1 - Production, Publication, Distribution, Manufacture, and Copyright Notice.
Place of production, publication, distribution, manufacture New York :
Name of producer, publisher, distributor, manufacturer Gallery Books,
Date of production, publication, distribution, manufacture, or copyr 2025.
300 ## - PHYSICAL DESCRIPTION
Extent 345 pages ;
Dimensions 24 cm.
336 ## - Content Type
Content type term text
337 ## - Media type
Media type term unmediated
338 ## - Carrier type
Carrier type term volume
504 ## - BIBLIOGRAPHY, ETC. NOTE
Bibliography, etc Includes bibliographical references (pages 323-344).
520 ## - SUMMARY, ETC.
Summary, etc "The eternal singer-songwriter Joni Mitchell is seen anew, portrayed through a witty and comprehensive exploration of anecdotes, quotes, and lyrics by "the most graceful of humorists" (Vanity Fair) and author of And Then We Danced"--
600 10 - SUBJECT ADDED ENTRY--PERSONAL NAME
Personal name Mitchell, Joni
Form subdivision Anecdotes.
9 (RLIN) 6538828
600 10 - SUBJECT ADDED ENTRY--PERSONAL NAME
Personal name Mitchell, Joni
Form subdivision Quotations.
9 (RLIN) 6538829
650 #0 - SUBJECT ADDED ENTRY--TOPICAL TERM
Topical term or geographic name as entry element Women singers
Form subdivision Biography.
9 (RLIN) 6538830
650 #0 - SUBJECT ADDED ENTRY--TOPICAL TERM
Topical term or geographic name as entry element Popular music
Chronological subdivision 20th century.
9 (RLIN) 6538831
650 #0 - SUBJECT ADDED ENTRY--TOPICAL TERM
Topical term or geographic name as entry element Folk artists.
9 (RLIN) 6538832
655 #7 - INDEX TERM--GENRE/FORM
Genre/form data or focus term Anecdotes.
Source of term lcgft.
9 (RLIN) 5690703
700 12 - ADDED ENTRY--PERSONAL NAME
Personal name Mitchell, Joni.
Title of a work Lyrics.
Form subheading Selections.
9 (RLIN) 6538833
942 ## - ADDED ENTRY ELEMENTS (KOHA)
Source of classification or shelving scheme Dewey Decimal Classification
Koha item type BOOK
Holdings
Withdrawn status Lost status Source of classification or shelving scheme Damaged status Not for loan Collection code Home library Current library Shelving location Date acquired Source of acquisition Total Checkouts Total Renewals Full call number Barcode Date last seen Date checked out Cost, replacement price Price effective from Koha item type
    Dewey Decimal Classification     General NonFiction Wasatch County Library Wasatch County Library Second Floor 02/12/2025 Micromarketing 2 1 92 Mitchell 34301002110361 04/18/2025 04/15/2025 29.99 02/12/2025 BOOK
This project was made possible through a grant from the Institute of Museum and Library Service administered by the Utah State Library Division.

Wasatch County Library

  • 465 East 1200 South, Heber City, Utah 84032
  • Phone 435-654-1511 | Fax 435-654-6456

Hours

  • Monday - Friday 9:30 AM - 8:00 PM
  • Saturday 9:30 AM - 1:30 PM
  • Closed Sundays and Holidays